[Event "Summer Prague Open 2021 - A"]
[Site "?"]
[Date "2021.08.12"]
[Round "8.3"]
[White "Plischki, Sebastian"]
[Black "Gnojek, Petr"]
[Result "1-0"]
[BlackElo "2205"]
[WhiteElo "2356"]
[LiveChessVersion "1.4.8"]

1. d4 {[%clk 1:30:56]} d6 {[%clk 1:30:53]} 2. Nf3 {[%clk 1:31:08]} g6
{[%clk 1:31:08]} 3. c4 {[%clk 1:31:21]} f5 {[%clk 1:31:23]} 4. Nc3
{[%clk 1:31:34]} Nf6 {[%clk 1:31:44]} 5. g3 {[%clk 1:31:54]} Bg7 {[%clk 1:32:03]}
6. Bg2 {[%clk 1:32:16]} O-O {[%clk 1:32:24]} 7. O-O {[%clk 1:32:37]} Qe8
{[%clk 1:32:45]} 8. Re1 {[%clk 1:32:18]} Qf7 {[%clk 1:32:44]} 9. d5
{[%clk 1:32:13]} Ne4 {[%clk 1:32:35]} 10. Ng5 {[%clk 1:31:30]} Nxc3
{[%clk 1:28:47]} 11. bxc3 {[%clk 1:31:51]} Qf6 {[%clk 1:27:37]} 12. Rb1
{[%clk 1:28:46]} Na6 {[%clk 1:18:52]} 13. Be3 {[%clk 1:26:19]} Nc5
{[%clk 1:11:11]} 14. h4 {[%clk 1:21:37]} h6 {[%clk 1:06:35]} 15. Bd4
{[%clk 1:21:05]} e5 {[%clk 1:06:31]} 16. dxe6 {[%clk 1:20:14]} Qe7
{[%clk 1:06:56]} 17. Nh3 {[%clk 1:07:27]} Nxe6 {[%clk 0:54:45]} 18. e3
{[%clk 1:02:04]} c6 {[%clk 0:53:14]} 19. Nf4 {[%clk 0:57:40]} Kh7
{[%clk 0:44:32]} 20. h5 {[%clk 0:54:32]} gxh5 {[%clk 0:44:26]} 21. Qxh5
{[%clk 0:53:58]} Qf7 {[%clk 0:44:33]} 22. Qxf7 {[%clk 0:43:26]} Rxf7
{[%clk 0:44:58]} 23. Bxg7 {[%clk 0:43:48]} Nxg7 {[%clk 0:40:38]} 24. Red1
{[%clk 0:41:07]} Be6 {[%clk 0:37:14]} 25. Rd4 {[%clk 0:33:48]} Rd8
{[%clk 0:30:09]} 26. c5 {[%clk 0:32:11]} Bxa2 {[%clk 0:24:44]} 27. Ra1
{[%clk 0:30:36]} Ne6 {[%clk 0:25:08]} 28. Rxd6 {[%clk 0:23:24]} Rxd6
{[%clk 0:25:18]} 29. cxd6 {[%clk 0:23:47]} Nxf4 {[%clk 0:25:28]} 30. gxf4
{[%clk 0:19:56]} Bd5 {[%clk 0:18:16]} 31. Bxd5 {[%clk 0:13:21]} cxd5
{[%clk 0:18:42]} 32. Rd1 {[%clk 0:12:37]} Rd7 {[%clk 0:19:02]} 33. Rxd5
{[%clk 0:13:03]} Kg6 {[%clk 0:19:27]} 34. f3 {[%clk 0:13:00]} Kf6
{[%clk 0:19:52]} 35. e4 {[%clk 0:13:25]} Ke6 {[%clk 0:20:17]} 36. Rxf5
{[%clk 0:13:06]} Rxd6 {[%clk 0:19:15]} 37. Rh5 {[%clk 0:12:35]} Kf7
{[%clk 0:19:09]} 38. Kf2 {[%clk 0:12:19]} b6 {[%clk 0:16:01]} 39. f5
{[%clk 0:10:02]} a5 {[%clk 0:12:32]} 40. e5 {[%clk 0:09:33]} Rc6 {[%clk 0:12:19]}
41. f4 {[%clk 0:06:41]} a4 {[%clk 0:10:25]} 42. f6 {[%clk 0:06:34]} Kg6
{[%clk 0:06:41]} 43. Rh1 {[%clk 0:06:42]} a3 {[%clk 0:02:21]} 44. Rg1+
{[%clk 0:07:01]} Kf7 {[%clk 0:29:49]} 45. Rg7+ {[%clk 0:36:43]} Kf8
{[%clk 0:27:53]} 46. Ra7 {[%clk 0:35:39]} Rxc3 {[%clk 0:27:44]} 47. e6
{[%clk 0:34:17]} Rc8 {[%clk 0:28:10]} 48. Rxa3 {[%clk 0:34:24]} b5
{[%clk 0:28:35]} 49. Ra7 {[%clk 0:33:52]} Rb8 {[%clk 0:28:37]} 50. Rh7
{[%clk 0:33:40]} Kg8 {[%clk 0:28:59]} 51. f7+ {[%clk 0:33:39]} 1-0

[Event "Summer Prague Open 2021 - A"]
[Site "?"]
[Date "2021.08.12"]
[Round "8.4"]
[White "Humburg, Philipp"]
[Black "Hrabusa, Matej"]
[Result "0-1"]
[BlackElo "2350"]
[WhiteElo "2245"]
[LiveChessVersion "1.4.8"]

1. e4 {[%clk 1:30:57]} c5 {[%clk 1:30:54]} 2. Nf3 {[%clk 1:31:19]} d6
{[%clk 1:31:19]} 3. Bb5+ {[%clk 1:31:40]} Nd7 {[%clk 1:31:45]} 4. a4
{[%clk 1:31:59]} Ngf6 {[%clk 1:28:20]} 5. Nc3 {[%clk 1:32:18]} e6
{[%clk 1:28:11]} 6. O-O {[%clk 1:31:14]} a6 {[%clk 1:28:36]} 7. Be2
{[%clk 1:31:34]} b6 {[%clk 1:28:06]} 8. d4 {[%clk 1:31:56]} cxd4 {[%clk 1:28:25]}
9. Qxd4 {[%clk 1:32:16]} Qc7 {[%clk 1:24:54]} 10. Rd1 {[%clk 1:31:42]} Be7
{[%clk 1:22:09]} 11. Be3 {[%clk 1:31:28]} O-O {[%clk 1:20:54]} 12. Nd2
{[%clk 1:30:43]} Bb7 {[%clk 1:10:35]} 13. Nc4 {[%clk 1:27:53]} d5
{[%clk 1:06:34]} 14. exd5 {[%clk 1:28:14]} Nxd5 {[%clk 1:03:01]} 15. Nxd5
{[%clk 1:28:38]} Bxd5 {[%clk 1:03:20]} 16. Bf4 {[%clk 1:29:04]} Qc5
{[%clk 0:52:50]} 17. Qd3 {[%clk 0:46:25]} Rfd8 {[%clk 0:45:25]} 18. Ne3
{[%clk 0:42:54]} Nf6 {[%clk 0:43:12]} 19. Qa3 {[%clk 0:36:15]} Qxa3
{[%clk 0:40:52]} 20. bxa3 {[%clk 0:35:14]} Rdc8 {[%clk 0:37:24]} 21. Be5
{[%clk 0:27:17]} Bc6 {[%clk 0:26:08]} 22. Nc4 {[%clk 0:25:06]} Bc5
{[%clk 0:25:47]} 23. a5 {[%clk 0:24:27]} Bb5 {[%clk 0:19:24]} 24. axb6
{[%clk 0:23:45]} Bxc4 {[%clk 0:19:29]} 25. Bxc4 {[%clk 0:21:52]} Bxb6
{[%clk 0:18:40]} 26. Bd3 {[%clk 0:15:19]} Bxf2+ {[%clk 0:18:33]} 27. Kf1
{[%clk 0:13:03]} Ng4 {[%clk 0:17:37]} 28. Be4 {[%clk 0:10:21]} Ra7
{[%clk 0:17:32]} 29. Bb2 {[%clk 0:10:31]} Bc5 {[%clk 0:17:19]} 30. Ke2
{[%clk 0:10:30]} Nf2 {[%clk 0:14:49]} 31. Rd4 {[%clk 0:10:18]} Rac7
{[%clk 0:11:58]} 32. Rc4 {[%clk 0:05:46]} Nxe4 {[%clk 0:12:13]} 33. Rxe4
{[%clk 0:06:15]} Bd6 {[%clk 0:12:07]} 34. c3 {[%clk 0:06:15]} Bxh2
{[%clk 0:11:12]} 35. Ra4 {[%clk 0:06:23]} Rc6 {[%clk 0:11:09]} 36. Rd1
{[%clk 0:06:38]} Be5 {[%clk 0:11:05]} 37. Rd7 {[%clk 0:06:37]} g6
{[%clk 0:09:01]} 38. Ra7 {[%clk 0:07:04]} Rb6 {[%clk 0:06:26]} 39. Rb4
{[%clk 0:07:07]} Rxb4 {[%clk 0:06:45]} 40. axb4 {[%clk 0:07:36]} Bxc3
{[%clk 0:07:07]} 41. Bxc3 {[%clk 0:08:03]} Rxc3 {[%clk 0:07:30]} 42. Rxa6
{[%clk 0:08:31]} Rb3 {[%clk 0:07:43]} 43. Rb6 {[%clk 0:08:57]} h5
{[%clk 0:07:40]} 44. Rb7 {[%clk 0:09:10]} Kg7 {[%clk 0:05:09]} 45. Kf2
{[%clk 0:09:00]} g5 {[%clk 0:03:56]} 46. Ke2 {[%clk 0:09:10]} Kg6
{[%clk 0:03:41]} 47. Kf2 {[%clk 0:09:37]} f6 {[%clk 0:03:48]} 48. b5
{[%clk 0:09:48]} Kf5 {[%clk 0:03:44]} 49. b6 {[%clk 0:10:14]} Kg4
{[%clk 0:03:37]} 50. Rb8 {[%clk 0:10:38]} Rb2+ {[%clk 0:03:36]} 51. Ke3
{[%clk 0:11:04]} Rxg2 {[%clk 0:02:20]} 52. Re8 {[%clk 0:11:00]} Rb2
{[%clk 0:02:42]} 53. Rxe6 {[%clk 0:11:24]} f5 {[%clk 0:02:56]} 54. Kd3
{[%clk 0:11:50]} h4 {[%clk 0:02:46]} 55. Kc3 {[%clk 0:12:17]} Rb1
{[%clk 0:03:04]} 56. Kc2 {[%clk 0:12:43]} Rb5 {[%clk 0:03:16]} 57. Kd3
{[%clk 0:13:04]} h3 {[%clk 0:03:14]} 58. Kc4 {[%clk 0:13:27]} Rb1
{[%clk 0:03:32]} 59. Rh6 {[%clk 0:13:51]} Kg3 {[%clk 0:03:42]} 60. Kc5
{[%clk 0:14:06]} h2 {[%clk 0:03:49]} 61. Kc6 {[%clk 0:14:06]} h1=Q+
{[%clk 0:03:07]} 62. Rxh1 {[%clk 0:14:32]} Rxh1 {[%clk 0:03:30]} 63. b7
{[%clk 0:15:00]} Rb1 {[%clk 0:03:49]} 64. b8=Q+ {[%clk 0:15:24]} Rxb8
{[%clk 0:04:12]} 0-1

[Event "Summer Prague Open 2021 - A"]
[Site "?"]
[Date "2021.08.12"]
[Round "8.5"]
[White "Nemec, Pavel"]
[Black "Stalmach, Richard"]
[Result "0-1"]
[BlackElo "2305"]
[WhiteElo "2213"]
[LiveChessVersion "1.4.8"]

1. e4 {[%clk 1:30:57]} c5 {[%clk 1:30:57]} 2. Nf3 {[%clk 1:31:20]} e6
{[%clk 1:31:17]} 3. c3 {[%clk 1:29:33]} Nf6 {[%clk 1:31:20]} 4. e5
{[%clk 1:29:43]} Nd5 {[%clk 1:31:46]} 5. d4 {[%clk 1:30:07]} cxd4
{[%clk 1:32:11]} 6. cxd4 {[%clk 1:30:32]} d6 {[%clk 1:32:36]} 7. Bb5+
{[%clk 1:28:29]} Bd7 {[%clk 1:27:21]} 8. Bxd7+ {[%clk 1:28:32]} Nxd7
{[%clk 1:27:06]} 9. O-O {[%clk 1:27:55]} Be7 {[%clk 1:27:07]} 10. exd6
{[%clk 1:24:09]} Bxd6 {[%clk 1:27:23]} 11. Nc3 {[%clk 1:24:22]} Nxc3
{[%clk 1:22:38]} 12. bxc3 {[%clk 1:23:45]} Nb6 {[%clk 1:22:47]} 13. c4
{[%clk 1:21:38]} Be7 {[%clk 1:19:44]} 14. Rb1 {[%clk 1:20:19]} Qc7
{[%clk 1:14:19]} 15. Ne5 {[%clk 1:20:29]} O-O {[%clk 1:08:46]} 16. Bf4
{[%clk 1:20:39]} Rfd8 {[%clk 1:05:59]} 17. Ng6 {[%clk 0:55:49]} Bd6
{[%clk 0:54:29]} 18. Bxd6 {[%clk 0:52:28]} Qxd6 {[%clk 0:54:36]} 19. c5
{[%clk 0:51:55]} Qxd4 {[%clk 0:54:34]} 20. Ne7+ {[%clk 0:51:48]} Kf8
{[%clk 0:54:47]} 21. Qh5 {[%clk 0:43:55]} Kxe7 {[%clk 0:37:39]} 22. cxb6
{[%clk 0:44:13]} axb6 {[%clk 0:31:11]} 23. Rbd1 {[%clk 0:38:52]} Rd5
{[%clk 0:27:17]} 24. Qf3 {[%clk 0:30:31]} Qc5 {[%clk 0:27:16]} 25. Qg3
{[%clk 0:29:14]} Kf8 {[%clk 0:24:29]} 26. Rc1 {[%clk 0:29:04]} Qd6
{[%clk 0:24:45]} 27. Qb3 {[%clk 0:27:02]} h6 {[%clk 0:24:13]} 28. h3
{[%clk 0:19:57]} Kg8 {[%clk 0:24:28]} 29. Rc4 {[%clk 0:20:01]} b5
{[%clk 0:23:19]} 30. Rc3 {[%clk 0:18:57]} Qf4 {[%clk 0:22:29]} 31. Qc2
{[%clk 0:17:33]} Rad8 {[%clk 0:21:44]} 32. a3 {[%clk 0:16:28]} Rd2
{[%clk 0:21:33]} 33. Qb1 {[%clk 0:16:21]} Qd4 {[%clk 0:19:59]} 34. Rc7
{[%clk 0:13:02]} Qa4 {[%clk 0:19:34]} 35. Qb4 {[%clk 0:09:36]} Qxb4
{[%clk 0:16:42]} 36. axb4 {[%clk 0:10:04]} Rb2 {[%clk 0:17:04]} 37. Rxb7
{[%clk 0:09:55]} Rxb4 {[%clk 0:17:31]} 38. Rc1 {[%clk 0:10:03]} Rb2
{[%clk 0:17:53]} 39. Re7 {[%clk 0:03:15]} g6 {[%clk 0:14:34]} 40. g4
{[%clk 0:02:42]} Rdd2 {[%clk 0:14:15]} 41. f4 {[%clk 0:02:07]} Rg2+
{[%clk 0:13:13]} 42. Kh1 {[%clk 0:02:32]} Rh2+ {[%clk 0:12:58]} 43. Kg1
{[%clk 0:03:01]} Rbg2+ {[%clk 0:09:42]} 44. Kf1 {[%clk 0:03:24]} Rf2+
{[%clk 0:09:40]} 45. Kg1 {[%clk 0:03:46]} Rhg2+ {[%clk 0:10:06]} 46. Kh1
{[%clk 0:04:09]} Rg3 {[%clk 0:10:33]} 47. f5 {[%clk 0:01:20]} gxf5
{[%clk 0:10:20]} 48. g5 {[%clk 0:01:22]} hxg5 {[%clk 0:10:00]} 49. Rc8+
{[%clk 0:01:22]} Kg7 {[%clk 0:10:27]} 50. Rcc7 {[%clk 0:01:45]} Kg6
{[%clk 0:09:23]} 51. Rxf7 {[%clk 0:01:18]} Rxh3+ {[%clk 0:09:33]} 52. Kg1
{[%clk 0:01:42]} Rb2 {[%clk 0:09:06]} 53. Rg7+ {[%clk 0:01:51]} Kh5
{[%clk 0:09:29]} 0-1

[Event "Summer Prague Open 2021 - A"]
[Site "?"]
[Date "2021.08.12"]
[Round "8.6"]
[White "Gloser, David"]
[Black "Nguyen, Alex Dac-Vuong"]
[Result "0-1"]
[BlackElo "2290"]
[WhiteElo "2164"]
[LiveChessVersion "1.4.8"]

1. e4 {[%clk 1:30:56]} c6 {[%clk 1:30:56]} 2. d4 {[%clk 1:31:19]} d5
{[%clk 1:31:23]} 3. e5 {[%clk 1:31:33]} Bf5 {[%clk 1:31:47]} 4. Nc3
{[%clk 1:31:48]} e6 {[%clk 1:31:42]} 5. g4 {[%clk 1:31:56]} Bg6 {[%clk 1:30:51]}
6. Nge2 {[%clk 1:32:09]} c5 {[%clk 1:27:21]} 7. h4 {[%clk 1:31:26]} h5
{[%clk 1:26:11]} 8. Nf4 {[%clk 1:31:35]} Bh7 {[%clk 1:24:31]} 9. g5
{[%clk 1:29:54]} cxd4 {[%clk 1:23:51]} 10. Nb5 {[%clk 1:29:36]} Be4
{[%clk 1:16:38]} 11. f3 {[%clk 1:27:04]} Bf5 {[%clk 1:17:02]} 12. Nxd4
{[%clk 1:27:01]} g6 {[%clk 1:17:04]} 13. Bb5+ {[%clk 1:11:36]} Nd7
{[%clk 1:17:24]} 14. Bxd7+ {[%clk 1:08:58]} Qxd7 {[%clk 1:17:40]} 15. Nxf5
{[%clk 1:09:05]} gxf5 {[%clk 1:18:03]} 16. Be3 {[%clk 1:07:06]} Ne7
{[%clk 1:10:39]} 17. Qe2 {[%clk 0:59:09]} Qc7 {[%clk 1:02:09]} 18. Nd3
{[%clk 0:52:43]} Nc6 {[%clk 1:01:30]} 19. f4 {[%clk 0:51:57]} Nb4
{[%clk 0:56:13]} 20. Nxb4 {[%clk 0:44:59]} Bxb4+ {[%clk 0:56:37]} 21. c3
{[%clk 0:44:36]} Be7 {[%clk 0:57:01]} 22. O-O-O {[%clk 0:42:43]} Kf8
{[%clk 0:46:02]} 23. Kb1 {[%clk 0:42:29]} a6 {[%clk 0:43:51]} 24. Rc1
{[%clk 0:38:58]} b5 {[%clk 0:42:24]} 25. Rhd1 {[%clk 0:37:30]} Kg7
{[%clk 0:41:51]} 26. Rc2 {[%clk 0:35:56]} Kg6 {[%clk 0:41:50]} 27. Rdc1
{[%clk 0:34:18]} Rhc8 {[%clk 0:41:54]} 28. Bd4 {[%clk 0:33:39]} Rab8
{[%clk 0:41:51]} 29. Qf3 {[%clk 0:32:01]} Qc6 {[%clk 0:39:08]} 30. Qe2
{[%clk 0:29:00]} Rb7 {[%clk 0:39:15]} 31. Qf1 {[%clk 0:26:55]} Qc7
{[%clk 0:38:41]} 32. Be3 {[%clk 0:20:50]} Qa5 {[%clk 0:38:50]} 33. Qd3
{[%clk 0:17:41]} Rc4 {[%clk 0:37:55]} 34. Bd4 {[%clk 0:16:29]} Ra4
{[%clk 0:31:09]} 35. b3 {[%clk 0:15:35]} Rc4 {[%clk 0:31:32]} 36. Ka1
{[%clk 0:14:27]} Rc8 {[%clk 0:30:50]} 37. Rb1 {[%clk 0:13:37]} Qc7
{[%clk 0:29:16]} 38. Kb2 {[%clk 0:12:49]} a5 {[%clk 0:27:37]} 39. a3
{[%clk 0:12:13]} Qc6 {[%clk 0:26:15]} 40. Rbc1 {[%clk 0:11:07]} Rbc7
{[%clk 0:25:48]} 41. Ra1 {[%clk 0:08:38]} Qb7 {[%clk 0:24:22]} 42. Rcc1
{[%clk 0:06:36]} Rc6 {[%clk 0:23:31]} 43. Rc2 {[%clk 0:28:52]} Qa6
{[%clk 0:52:20]} 44. Qe2 {[%clk 0:27:04]} Bc5 {[%clk 0:32:23]} 45. Rac1
{[%clk 0:25:13]} Qa7 {[%clk 0:26:05]} 46. Qf2 {[%clk 0:24:37]} Qe7
{[%clk 0:21:35]} 47. Bxc5 {[%clk 0:21:23]} Rxc5 {[%clk 0:21:43]} 48. Rd1
{[%clk 0:18:43]} b4 {[%clk 0:20:00]} 49. axb4 {[%clk 0:16:39]} axb4
{[%clk 0:20:10]} 50. Rdc1 {[%clk 0:17:03]} Ra5 {[%clk 0:15:52]} 51. c4
{[%clk 0:13:42]} Rca8 {[%clk 0:11:02]} 52. Rd2 {[%clk 0:13:39]} Ra2+
{[%clk 0:04:41]} 53. Kb1 {[%clk 0:14:05]} Ra1+ {[%clk 0:05:07]} 54. Kc2
{[%clk 0:14:32]} Rxc1+ {[%clk 0:04:40]} 55. Kxc1 {[%clk 0:14:59]} dxc4
{[%clk 0:05:06]} 56. Ra2 {[%clk 0:13:00]} Qb7 {[%clk 0:04:07]} 57. Rxa8
{[%clk 0:10:36]} Qxa8 {[%clk 0:04:36]} 58. Qc5 {[%clk 0:10:27]} c3
{[%clk 0:04:11]} 59. Kd1 {[%clk 0:07:26]} Qh1+ {[%clk 0:02:14]} 60. Ke2
{[%clk 0:07:02]} Qg2+ {[%clk 0:02:26]} 61. Kd3 {[%clk 0:06:33]} Qe4# 0-1

[Event "Summer Prague Open 2021 - A"]
[Site "?"]
[Date "2021.08.12"]
[Round "8.7"]
[White "Toman, Ondrej"]
[Black "Kusa, Jakub"]
[Result "1/2-1/2"]
[BlackElo "2280"]
[WhiteElo "2196"]
[LiveChessVersion "1.4.8"]

1. d4 {[%clk 1:30:59]} d5 {[%clk 1:30:53]} 2. Bf4 {[%clk 1:31:25]} e6
{[%clk 1:31:16]} 3. e3 {[%clk 1:31:51]} Bd6 {[%clk 1:31:34]} 4. Nf3
{[%clk 1:32:14]} c5 {[%clk 1:31:38]} 5. dxc5 {[%clk 1:31:51]} Bxf4
{[%clk 1:31:15]} 6. exf4 {[%clk 1:32:16]} Qa5+ {[%clk 1:30:44]} 7. Nc3
{[%clk 1:29:33]} Qxc5 {[%clk 1:27:33]} 8. Qd4 {[%clk 1:28:38]} Qxd4
{[%clk 1:24:23]} 9. Nxd4 {[%clk 1:29:06]} a6 {[%clk 1:20:53]} 10. a4
{[%clk 1:26:57]} Ne7 {[%clk 1:18:02]} 11. a5 {[%clk 1:20:16]} Bd7
{[%clk 1:16:25]} 12. Bd3 {[%clk 1:04:49]} Nbc6 {[%clk 1:11:24]} 13. Nb3
{[%clk 1:02:47]} Nb4 {[%clk 1:07:45]} 14. Kd2 {[%clk 0:57:50]} Rc8
{[%clk 1:06:51]} 15. Rhc1 {[%clk 0:50:42]} O-O {[%clk 1:04:45]} 16. Be2
{[%clk 0:43:19]} Nf5 {[%clk 0:53:21]} 17. Na4 {[%clk 0:42:14]} Bxa4
{[%clk 0:51:55]} 18. Rxa4 {[%clk 0:42:43]} Nc6 {[%clk 0:51:16]} 19. Bd3
{[%clk 0:40:36]} Nd6 {[%clk 0:51:05]} 20. Nd4 {[%clk 0:37:20]} Nxd4
{[%clk 0:48:37]} 21. Rxd4 {[%clk 0:37:48]} Rfd8 {[%clk 0:48:22]} 22. f5
{[%clk 0:28:55]} Nxf5 {[%clk 0:44:47]} 23. Bxf5 {[%clk 0:29:15]} exf5
{[%clk 0:45:12]} 24. Re1 {[%clk 0:29:24]} Rc5 {[%clk 0:42:00]} 25. b4
{[%clk 0:19:42]} Rb5 {[%clk 0:36:57]} 26. Re7 {[%clk 0:18:53]} Kf8
{[%clk 0:35:38]} 27. Rc7 {[%clk 0:19:17]} Ke8 {[%clk 0:35:01]} 28. h4
{[%clk 0:09:24]} Rd7 {[%clk 0:33:14]} 29. Rc8+ {[%clk 0:09:46]} Ke7
{[%clk 0:33:23]} 30. g3 {[%clk 0:08:04]} Kf6 {[%clk 0:30:10]} 31. Kc3
{[%clk 0:05:40]} Ke7 {[%clk 0:29:02]} 32. Rb8 {[%clk 0:03:44]} Rd8
{[%clk 0:28:01]} 33. Rxd8 {[%clk 0:04:07]} Kxd8 {[%clk 0:28:23]} 34. Kb3
{[%clk 0:03:34]} Ke7 {[%clk 0:28:14]} 35. c4 {[%clk 0:03:15]} dxc4+
{[%clk 0:28:19]} 36. Kxc4 {[%clk 0:02:35]} Re5 {[%clk 0:28:31]} 37. Rd5
{[%clk 0:01:11]} Re4+ {[%clk 0:26:40]} 38. Kc5 {[%clk 0:01:35]} g6
{[%clk 0:26:41]} 39. f4 {[%clk 0:00:55]} h5 {[%clk 0:23:59]} 40. Rd3
{[%clk 0:00:47]} Re6 {[%clk 0:20:38]} 41. b5 {[%clk 0:27:02]} axb5
{[%clk 0:50:27]} 1/2-1/2

[Event "Summer Prague Open 2021 - A"]
[Site "?"]
[Date "2021.08.12"]
[Round "8.8"]
[White "Mladek, Richard"]
[Black "Mueer, Sebastian"]
[Result "0-1"]
[BlackElo "2246"]
[WhiteElo "2315"]
[LiveChessVersion "1.4.8"]

1. d4 {[%clk 1:30:58]} Nf6 {[%clk 1:19:32]} 2. c4 {[%clk 1:31:21]} e6
{[%clk 1:19:48]} 3. Nc3 {[%clk 1:31:42]} Bb4 {[%clk 1:20:12]} 4. e3
{[%clk 1:31:38]} c5 {[%clk 1:20:21]} 5. Nf3 {[%clk 1:25:32]} O-O {[%clk 1:14:31]}
6. Bd2 {[%clk 1:25:54]} d5 {[%clk 1:13:25]} 7. a3 {[%clk 1:26:06]} Bxc3
{[%clk 1:12:49]} 8. Bxc3 {[%clk 1:26:34]} Ne4 {[%clk 1:08:18]} 9. Rc1
{[%clk 1:23:47]} Nxc3 {[%clk 1:05:09]} 10. Rxc3 {[%clk 1:24:04]} cxd4
{[%clk 1:05:03]} 11. Nxd4 {[%clk 1:23:34]} dxc4 {[%clk 1:02:48]} 12. Bxc4
{[%clk 1:22:57]} e5 {[%clk 1:01:38]} 13. Nb5 {[%clk 1:20:31]} Qxd1+
{[%clk 0:56:55]} 14. Kxd1 {[%clk 1:19:02]} Nc6 {[%clk 0:56:29]} 15. Nd6
{[%clk 1:14:55]} Rd8 {[%clk 0:33:13]} 16. Rd3 {[%clk 1:14:59]} e4
{[%clk 0:31:24]} 17. Nxe4 {[%clk 1:03:10]} Be6 {[%clk 0:30:28]} 18. Bxe6
{[%clk 0:57:48]} Rxd3+ {[%clk 0:30:50]} 19. Ke2 {[%clk 0:58:14]} Rad8
{[%clk 0:30:03]} 20. Ba2 {[%clk 0:57:00]} Kf8 {[%clk 0:25:43]} 21. g4
{[%clk 0:55:31]} Ke7 {[%clk 0:25:09]} 22. Rc1 h5 {[%clk 0:19:42]} 23. g5
{[%clk 0:52:53]} Ne5 {[%clk 0:14:59]} 24. h3 {[%clk 0:50:48]} Ng6
{[%clk 0:12:27]} 25. Rc5 {[%clk 0:48:43]} Nh4 {[%clk 0:11:32]} 26. Rc2
{[%clk 0:44:02]} b6 {[%clk 0:11:40]} 27. Bc4 {[%clk 0:41:06]} R3d7
{[%clk 0:11:39]} 28. Bb5 {[%clk 0:41:34]} Rb7 {[%clk 0:10:31]} 29. a4
{[%clk 0:38:47]} Nf5 {[%clk 0:10:06]} 30. Ba6 {[%clk 0:39:16]} Rbd7
{[%clk 0:09:32]} 31. Bc8 {[%clk 0:35:27]} Rd5 {[%clk 0:09:42]} 32. Rc7+
{[%clk 0:35:55]} Kf8 {[%clk 0:10:04]} 33. Bxf5 {[%clk 0:28:26]} Rxf5
{[%clk 0:10:33]} 34. f4 {[%clk 0:26:36]} Ra5 {[%clk 0:08:31]} 35. Nc3
{[%clk 0:25:48]} a6 {[%clk 0:07:58]} 36. b4 {[%clk 0:22:48]} Rf5 {[%clk 0:08:21]}
37. Ne4 {[%clk 0:12:01]} a5 {[%clk 0:04:53]} 38. b5 {[%clk 0:12:26]} Rfd5
{[%clk 0:03:03]} 39. Rc6 {[%clk 0:07:09]} Rd3 {[%clk 0:03:32]} 40. Rxb6
{[%clk 0:01:46]} Ra3 {[%clk 0:04:01]} 41. g6 {[%clk 0:22:10]} Re8
{[%clk 0:28:25]} 42. Kf3 {[%clk 0:18:38]} f5 {[%clk 0:28:40]} 43. Nd6
{[%clk 0:18:52]} Rexe3+ {[%clk 0:26:04]} 44. Kf2 {[%clk 0:19:07]} Rf3+
{[%clk 0:14:35]} 45. Kg1 {[%clk 0:16:51]} Rfb3 {[%clk 0:11:00]} 46. Rb8+
{[%clk 0:17:09]} Ke7 {[%clk 0:11:25]} 47. Nxf5+ {[%clk 0:17:29]} Kf6
{[%clk 0:08:23]} 48. Nd4 {[%clk 0:16:39]} Rb1+ {[%clk 0:05:49]} 49. Kf2
{[%clk 0:17:02]} Rb2+ {[%clk 0:06:03]} 50. Ne2 {[%clk 0:17:25]} Rxa4
{[%clk 0:05:47]} 51. Rf8+ {[%clk 0:15:59]} Kxg6 {[%clk 0:05:55]} 52. h4
{[%clk 0:15:17]} Re4 {[%clk 0:05:57]} 53. f5+ {[%clk 0:15:36]} Kh7
{[%clk 0:06:20]} 0-1

[Event "Summer Prague Open 2021 - A"]
[Site "?"]
[Date "2021.08.12"]
[Round "8.9"]
[White "Gimenez Menchon, Cesar"]
[Black "Schirm, Friedmar"]
[Result "1/2-1/2"]
[BlackElo "2268"]
[WhiteElo "2246"]
[LiveChessVersion "1.4.8"]

1. e4 {[%clk 1:30:56]} c5 {[%clk 1:30:51]} 2. Nf3 {[%clk 1:30:58]} Nc6
{[%clk 1:31:12]} 3. Bb5 {[%clk 1:31:18]} g6 {[%clk 1:31:33]} 4. Bxc6
{[%clk 1:31:42]} dxc6 {[%clk 1:31:59]} 5. d3 {[%clk 1:31:44]} Bg7
{[%clk 1:32:20]} 6. h3 {[%clk 1:32:07]} Nf6 {[%clk 1:32:28]} 7. Nc3
{[%clk 1:32:22]} O-O {[%clk 1:32:47]} 8. O-O {[%clk 1:32:38]} Ne8
{[%clk 1:29:13]} 9. Be3 {[%clk 1:32:49]} b6 {[%clk 1:29:23]} 10. Qd2
{[%clk 1:33:00]} Nc7 {[%clk 1:27:37]} 11. Bh6 {[%clk 1:33:03]} Ne6
{[%clk 1:27:54]} 12. Bxg7 {[%clk 1:33:16]} Kxg7 {[%clk 1:28:18]} 13. Rae1
{[%clk 1:33:22]} Nd4 {[%clk 1:27:35]} 14. Nh2 {[%clk 1:33:13]} e5
{[%clk 1:27:43]} 15. f4 {[%clk 1:33:29]} exf4 {[%clk 1:18:36]} 16. Rxf4
{[%clk 1:33:36]} Ne6 {[%clk 1:18:18]} 17. Rff1 {[%clk 1:33:16]} c4
{[%clk 1:06:27]} 18. e5 {[%clk 1:24:50]} cxd3 {[%clk 1:06:04]} 19. Ne4
{[%clk 1:13:29]} dxc2 {[%clk 1:00:37]} 20. Nd6 {[%clk 1:12:13]} Qg5
{[%clk 0:58:48]} 21. Qxc2 {[%clk 0:59:37]} Nd4 {[%clk 0:56:23]} 22. Qf2
{[%clk 0:57:10]} c5 {[%clk 0:48:16]} 23. Nf3 {[%clk 0:44:53]} Nxf3+
{[%clk 0:48:32]} 24. Qxf3 {[%clk 0:42:18]} Be6 {[%clk 0:48:47]} 25. Qb7
{[%clk 0:38:45]} Qd2 {[%clk 0:45:40]} 26. Qe7 {[%clk 0:30:11]} Bd5
{[%clk 0:42:48]} 27. Re2 {[%clk 0:21:28]} Qxe2 {[%clk 0:37:25]} 28. Nf5+
{[%clk 0:21:08]} gxf5 {[%clk 0:37:43]} 29. Qf6+ {[%clk 0:21:05]} Kg8
{[%clk 0:38:07]} 30. Qg5+ {[%clk 0:21:08]} Kh8 {[%clk 0:38:30]} 31. Qf6+
{[%clk 0:20:56]} Kg8 {[%clk 0:38:54]} 32. Qg5+ {[%clk 0:21:11]} 1/2-1/2

[Event "Summer Prague Open 2021 - A"]
[Site "?"]
[Date "2021.08.12"]
[Round "8.10"]
[White "Pallas, Sebastian"]
[Black "Frank, Adam"]
[Result "0-1"]
[BlackElo "2210"]
[WhiteElo "2249"]
[LiveChessVersion "1.4.8"]

1. e4 {[%clk 1:30:50]} e5 {[%clk 1:30:54]} 2. Nf3 {[%clk 1:30:39]} Nc6
{[%clk 1:31:19]} 3. d4 {[%clk 1:30:18]} exd4 {[%clk 1:31:45]} 4. Nxd4
{[%clk 1:30:36]} Nf6 {[%clk 1:32:12]} 5. Nxc6 {[%clk 1:29:24]} bxc6
{[%clk 1:32:38]} 6. Qe2 {[%clk 1:27:24]} a5 {[%clk 1:28:13]} 7. e5
{[%clk 1:24:18]} Ba6 {[%clk 1:24:57]} 8. c4 {[%clk 1:24:20]} Bb4+
{[%clk 1:24:21]} 9. Kd1 {[%clk 1:11:24]} Nd5 {[%clk 1:18:59]} 10. Qe4
{[%clk 1:04:42]} Ne7 {[%clk 1:17:06]} 11. Bd3 {[%clk 1:03:14]} d5
{[%clk 1:11:16]} 12. exd6 {[%clk 1:01:15]} cxd6 {[%clk 1:11:23]} 13. a3
{[%clk 0:54:01]} d5 {[%clk 1:07:34]} 14. cxd5 {[%clk 0:53:03]} Bxd3
{[%clk 1:07:24]} 15. Qxd3 {[%clk 0:53:01]} Bc5 {[%clk 1:07:46]} 16. Nc3
{[%clk 0:48:53]} O-O {[%clk 0:41:36]} 17. Be3 {[%clk 0:34:51]} Bxe3
{[%clk 0:40:25]} 18. fxe3 {[%clk 0:35:06]} cxd5 {[%clk 0:38:41]} 19. Kc2
{[%clk 0:31:37]} Rb8 {[%clk 0:38:22]} 20. Rab1 {[%clk 0:25:17]} Qc7
{[%clk 0:36:09]} 21. g3 {[%clk 0:23:50]} Rfd8 {[%clk 0:36:03]} 22. b3
{[%clk 0:18:59]} Nc6 {[%clk 0:32:04]} 23. Kb2 {[%clk 0:13:31]} Ne5
{[%clk 0:25:49]} 24. Qd4 {[%clk 0:13:49]} Nf3 {[%clk 0:25:12]} 25. Qd3
{[%clk 0:04:19]} d4 {[%clk 0:25:18]} 26. exd4 {[%clk 0:02:50]} Nxd4
{[%clk 0:25:26]} 27. Ka2 {[%clk 0:03:09]} Nxb3 {[%clk 0:24:23]} 28. Nd5
{[%clk 0:02:53]} Rxd5 {[%clk 0:24:47]} 29. Qxd5 {[%clk 0:03:04]} Qc2+
{[%clk 0:25:13]} 30. Rb2 {[%clk 0:03:30]} Nc1+ {[%clk 0:25:41]} 31. Rxc1
{[%clk 0:03:55]} Qxb2# 0-1